| 000 | 00983nam0a22002891 4500 | ||
|---|---|---|---|
| 001 | rc\3353199 | ||
| 005 | 20250609220125.0 | ||
| 021 |
_aRU _b[73-151] |
||
| 035 | _a(NLR Aleph) 007522451 | ||
| 090 |
_a7729711 _c7729711 |
||
| 100 | _a20130115d1972 |||y0rusy50 ca | ||
| 101 | 1 |
_arus _cmdf |
|
| 102 | _aRU | ||
| 105 | _aa z |||a| | ||
| 200 | 1 |
_aДни детства _eПовесть _f[Авториз. пер. с мокша-морд. В. Авдеева _gИл.: М. Шанин] |
|
| 210 |
_aСаранск _cМордов. кн. изд-во _d1972 |
||
| 215 |
_a197 с. _cил. _d20 |
||
| 606 |
_aДеревня в Мордовии (х. л.) _2psbo |
||
| 606 |
_aДети в Мордовии (х. л.) _2psbo |
||
| 700 | 1 |
_aЛарионов _bС.С. _f1908- _gСергей Степанович |
|
| 702 | 1 |
_aШанин _bМ. _4440 |
|
| 702 | 1 |
_aАвдеев _bВ. _4730 |
|
| 801 | 0 |
_aRU _bNLR _gpsbo |
|
| 801 | 1 |
_aRU _bELAR _2rusmarc |
|
| 852 |
_aNLR _j72-3/11353 |
||
| 942 | _cBOOK | ||
| 980 | _aNB | ||